Možnosti zdokonalenia vnútropodnikového riadenia a hospodárenia organizácie v nových ekonomických podmienkach s aplikáciou na Štátny skúšobný ústav dopravnej a stavebnej techniky v Žiline záverečná práca postgraduálneho štúdia

Saved in:
Bibliographic Details
Main Author: Mazánik, Rudolf
Corporate Author: Vysoká škola ekonomická v Bratislave
Other Authors: Masaryk, Anton
Format: Book
Language:Slovak
Published: Bratislava 1991
Tags: Add Tag
No Tags, Be the first to tag this record!

MARC

LEADER 00000nam a2200000 4500
001 c029290
005 20221214094253.0
041 0 |a slo 
044 |a SK 
245 1 0 |a Možnosti zdokonalenia vnútropodnikového riadenia a hospodárenia organizácie v nových ekonomických podmienkach s aplikáciou na Štátny skúšobný ústav dopravnej a stavebnej techniky v Žiline  |b záverečná práca postgraduálneho štúdia  |c Rudolf Mazánik ; Ved. práce Anton Masaryk 
264 1 |a Bratislava  |c 1991 
300 |a 42 s. 
100 1 |a Mazánik, Rudolf 
700 1 |a Masaryk, Anton 
710 2 |a Vysoká škola ekonomická v Bratislave